Applied Predictive Modeling

Salvato in:
Dettagli Bibliografici
Autore principale: Kuhn & Johnson
Natura: Libro
Pubblicazione: Springer
Soggetti:
Tags: Aggiungi Tag
Nessun Tag, puoi essere il primo ad aggiungerne!!

MARC

LEADER 00000nam a2200000Ia 4500
005 20260427112725.0
526 |b Data Science 
100 |a Kuhn & Johnson 
020 |a 9781493979363 
650 |a Machine Learning 
526 |a Bachelors 
942 |c BK 
245 |a Applied Predictive Modeling 
260 |b Springer 
999 |c 116  |d 116 
952 |0 0  |1 0  |4 0  |7 0  |8 2  |a BRISTOL  |b BRISTOL  |d 2026-04-22  |l 0  |p 000066  |r 2026-04-27 11:27:25  |w 2026-04-27  |y BK